000 00450nam a22001697a 4500
003 MPLRDC
005 20220104124241.0
008 210129b ||||| |||| 00| 0 eng d
082 _a881.4 YBS v.2
100 _a易卜生
245 _a易卜生全集. 第二卷
_c潘家洵等译
250 _a一版一刷
260 _a
_b人民文学出版社
_c1987
300 _b
650 _a北欧各国文学--挪威文学
942 _cBK
_o881.4 YBS v.2
999 _c17833
_d17823